Sams teach yourself upgrading and fixing PCs in 24 hours / (Record no. 176247)

000 -LEADER
fixed length control field 01783 a2200229 4500
003 - CONTROL NUMBER IDENTIFIER
control field Nust
005 - DATE AND TIME OF LATEST TRANSACTION
control field 20221226105707.0
010 ## - LIBRARY OF CONGRESS CONTROL NUMBER
LC control number 99069606
020 ## - INTERNATIONAL STANDARD BOOK NUMBER
International Standard Book Number 8176351520
040 ## - CATALOGING SOURCE
Transcribing agency Nust
082 00 - DEWEY DECIMAL CLASSIFICATION NUMBER
Classification number 621.39160288,GRI
100 1# - MAIN ENTRY--PERSONAL NAME
Personal name Grimes, Galen.
9 (RLIN) 46267
245 10 - TITLE STATEMENT
Title Sams teach yourself upgrading and fixing PCs in 24 hours /
Statement of responsibility, etc. Galen Grimes.
250 ## - EDITION STATEMENT
Edition statement 1st indian ed.
260 ## - PUBLICATION, DISTRIBUTION, ETC.
Place of publication, distribution, etc. Indianapolis, Ind. :
Name of publisher, distributor, etc. Sams,
Date of publication, distribution, etc. c2000.
300 ## - PHYSICAL DESCRIPTION
Extent xi, 342 p. :
Other physical details ill. ;
Dimensions 23 cm.
505 ## - FORMATTED CONTENTS NOTE
Formatted contents note Making the Decision to Upgrade (Page-1), Understanding the Components in your PC (Page-9), Examining your PCs System Configuration (Page-23), The Tools of the Trade (Page-37), Understanding and Working with your CMOS Settings (Page-47), Upgrading your’s Pc Memory (Page-53), Upgrading Your CPU (Page-67), Replacing your Main System Board (Page-79), Replacing Upgrading or Adding a Hard Disk Drive (Page-91), Replacing your Floppy Disk Drive (Page-129), Replacing Your Keyboard Mouse and other Input Devices (Page-141), Upgrading Your Video Card (Page-151), Upgrading Your Video Monitor (Page-163), Upgrading or Adding a Modern or other Communications Device (Page-173), Upgrading Your PC’s Case and Power Supply (Page-185), Upgrading Your PC’s BIOS (Page-197), Upgrading or Adding a Sound System to Your PC (Page-209), Selecting and Installing a Printer (Page-221), Selecting and Using a Scanner or Digital Camera (Page-233), Upgrading to a New Operating System (Page-243), PC Performance Monitoring and Diagnostic Tools (Page-253), How to Purchase PC Components on the Internet (Page-265).
650 #0 - SUBJECT ADDED ENTRY--TOPICAL TERM
Topical term or geographic name entry element Microcomputers
General subdivision Equipment and supplies.
9 (RLIN) 96388
650 #0 - SUBJECT ADDED ENTRY--TOPICAL TERM
Topical term or geographic name entry element Microcomputers
General subdivision Maintenance and repair.
9 (RLIN) 36710
650 #0 - SUBJECT ADDED ENTRY--TOPICAL TERM
Topical term or geographic name entry element Microcomputers
General subdivision Upgrading.
9 (RLIN) 94563
942 ## - ADDED ENTRY ELEMENTS (KOHA)
Source of classification or shelving scheme
Koha item type Book
Holdings
Withdrawn status Lost status Source of classification or shelving scheme Damaged status Not for loan Permanent Location Current Location Shelving location Date acquired Full call number Barcode Date last seen Price effective from Koha item type Public note
          Military College of Signals (MCS) Military College of Signals (MCS) General Stacks 12/12/2016 621.39160288,GRI MCS26545 12/08/2016 12/12/2016 Book Almirah No.40, Shelf No.1
© 2023 Central Library, National University of Sciences and Technology. All Rights Reserved.